| 000 | 00844nam a2200217Ia 4500 | ||
|---|---|---|---|
| 001 | 2394 | ||
| 003 | GE_BSU | ||
| 008 | 181216s||||||||xx |||||||||||||| ||und|| | ||
| 040 | _cGE_BSU | ||
| 080 | _a327.2(470:479.22)+94(470:479.22) | ||
| 100 | _aმჭედლიშვილი,მიხეილ | ||
| 245 | _aსაქართველო ბოროტების იმპერიის 500-წლოვან მარწუხებში. | ||
| 245 | _cრედ. მ.ასათიანი | ||
| 260 | _aთბილისი | ||
| 260 | _bეროვნული მწერლობა | ||
| 260 | _c2004 | ||
| 300 | _a207გვ. | ||
| 541 | _h20ლ. | ||
| 653 | _aსაქართველო ბოროტების იმპერიის 500-წლოვან მარწუხებში | ||
| 942 | _cBK | ||
| 999 |
_c36477 _d36477 |
||